000 00447nam a2200145Ia 4500
008 100204s9999 xx 000 0 und d
082 _b11849
100 _aलेले प्रतिभा
245 _aचतूर गोष्टी
260 _bनीहारा प्रकाशन पुणे
_c1989
300 _a67
630 _aचतूर गोष्टी
730 _aचतूर गोष्टी
942 _cBOOK
999 _c456261
_d456258